LEADER 00930nam0-2200301-i-450 001 990009852240403321 005 20170523110154.0 035 $a000985224 035 $aFED01000985224 035 $a(Aleph)000985224FED01 035 $a000985224 100 $a20140424d1968----km-y0itay50------ba 101 1 $aita$ceng 102 $aIT 105 $aa-------001yy 200 1 $a<>uomo è venuto per mezzo dell'evoluzione o per mezzo della creazione? 210 $aNew York$cWatchtower Bible and Tract Society of New York, Inc.$d1968 215 $a191 p.$cill.$d19 cm 454 0$12001$aDid man get here by evolution or by creation?$958386 610 0 $aUomo$aEvoluzione 676 $a231.765$v22$zita 801 0$aIT$bUNINA$gRICA$2UNIMARC 901 $aBK 912 $a990009852240403321 952 $aDIC UOM 1$fBFS$b515 959 $aBFS 996 $aDid man get here by evolution or by creation$958386 997 $aUNINA LEADER 02050nam 22005534a 450 001 9910453588103321 005 20200520144314.0 010 $a0-8070-4438-5 035 $a(CKB)1000000000541975 035 $a(EBL)3117996 035 $a(SSID)ssj0000159113 035 $a(PQKBManifestationID)11151744 035 $a(PQKBTitleCode)TC0000159113 035 $a(PQKBWorkID)10150208 035 $a(PQKB)10599712 035 $a(MiAaPQ)EBC3117996 035 $a(Au-PeEL)EBL3117996 035 $a(CaPaEBR)ebr10256066 035 $a(OCoLC)922967952 035 $a(EXLCZ)991000000000541975 100 $a20070202d2007 uy 0 101 0 $aeng 135 $aur|n|---||||| 181 $ctxt 182 $cc 183 $acr 200 10$aFrom the Palmer Raids to the Patriot Act$b[electronic resource] $ea history of the fight for free speech in America /$fChristopher M. Finan 210 $aBoston, Mass. $cBeacon Press$dc2007 215 $a1 online resource (361 p.) 300 $aDescription based upon print version of record. 311 $a0-8070-4429-6 311 $a0-8070-4428-8 320 $aIncludes bibliographical references (p. 310-325) and index. 327 $aGround zero -- Mob rule, 1921-1930 -- Banned in Boston -- The court takes a hand -- The second Red scare -- The fight for artistic freedom, 1945-1966 -- Let the sunshine in -- The counterattack, 1970-2002 -- 9/11. 330 $aPresents a comprehensive history of the evolution of free speech in America over the last century. 606 $aFreedom of speech$zUnited States$xHistory 606 $aFreedom of speech$zUnited States$xHistory$2sears 608 $aElectronic books. 615 0$aFreedom of speech$xHistory. 615 7$aFreedom of speech$xHistory. 676 $a342.7308 700 $aFinan$b Christopher M.$f1953-$0953766 801 0$bMiAaPQ 801 1$bMiAaPQ 801 2$bMiAaPQ 906 $aBOOK 912 $a9910453588103321 996 $aFrom the Palmer Raids to the Patriot Act$92156494 997 $aUNINA LEADER 02504nam 2200493 450 001 9910466825803321 005 20200124081309.0 010 $a2-8066-0739-6 035 $a(CKB)3790000000018745 035 $a(EBL)2085952 035 $a(MiAaPQ)EBC2085952 035 $a(Au-PeEL)EBL2085952 035 $a(OCoLC)914152705 035 $a(EXLCZ)993790000000018745 100 $a20200124d2014 uy 0 101 0 $afre 135 $aur|n|---||||| 181 $ctxt$2rdacontent 182 $cc$2rdamedia 183 $acr$2rdacarrier 200 10$aApprentissage du Franc?ais et inte?gration $edes e?vidences a? interroger /$fPhilippe Hambye et Anne-Sophie Romainville 210 1$aFernelmont :$cEME :$cFe?de?ration Wallonie-Bruxelles,$d[2014] 210 4$d©2014 215 $a1 online resource (190 p.) 225 1 $aFranc?ais & socie?te? ;$v26/27 300 $aDescription based upon print version of record. 311 $a2-8066-0738-8 311 $a2-8066-0735-3 327 $aIntroduction; Constitution et analyse d'un corpus de discours authentiques; Me?thodologie des enque?tes quantitative et qualitative; Re?sultats des enque?tes quantitative et qualitative; Quelles politiques linguistiques pour quelle inte?gration ?; Conclusion; Bibliographie; ANNEXES; Un bouquet de revues de linguistique franc?aise 330 $a Quels sont les rapports entre la maitrise du franc?ais et les possibilite?s d'inte?gration des personnes issues de l'immigration ? Pour les personnes d'origine e?trange?re, apprendre le franc?ais, est-ce avant tout une question de volonte? ? Une personne qui ne parle pas franc?ais me?rite-t-elle qu'on l'aide a? s'inte?grer ? L'inte?gration des personnes issues de l'immigration passe-t-elle ne?cessairement par l'abandon progressif de leur langue et de leur culture d'origine ? De telles questions sont souvent e?voque?es dans le de?bat public et beaucoup estiment que leurs re?ponses rele?vent de l'e?vidence. Ce nu 410 0$aFranc?ais & socie?te? ;$v26/27. 606 $aFrench language$xStudy and teaching 608 $aElectronic books. 615 0$aFrench language$xStudy and teaching. 676 $a448.007 700 $aHambye$b Philippe$0997462 702 $aRomainville$b Anne-Sophie 801 0$bMiAaPQ 801 1$bMiAaPQ 801 2$bMiAaPQ 906 $aBOOK 912 $a9910466825803321 996 $aApprentissage du Franc?ais et inte?gration$92287600 997 $aUNINA